The better man / (Record no. 234085)

000 -LEADER
fixed length control field 00872cam a22002777a 4500
001 - CONTROL NUMBER
control field 11997391
003 - CONTROL NUMBER IDENTIFIER
control field Nust
005 - DATE AND TIME OF LATEST TRANSACTION
control field 20170313133435.0
008 - FIXED-LENGTH DATA ELEMENTS--GENERAL INFORMATION
fixed length control field 000201s1999 ii 000 1 eng
010 ## - LIBRARY OF CONGRESS CONTROL NUMBER
LC control number 99947795
020 ## - INTERNATIONAL STANDARD BOOK NUMBER
International Standard Book Number 9780140293203
025 ## - OVERSEAS ACQUISITION NUMBER
Overseas acquisition number I-E-99-947795; 527
035 ## - SYSTEM CONTROL NUMBER
System control number (DLC) 99947795
037 ## - SOURCE OF ACQUISITION
Source of stock number/acquisition Library of Congress -- New Delhi Field Office
Terms of availability Rs250.00
040 ## - CATALOGING SOURCE
Original cataloging agency DLC
Transcribing agency DLC
Modifying agency DLC
042 ## - AUTHENTICATION CODE
Authentication code lcode
050 00 - LIBRARY OF CONGRESS CALL NUMBER
Classification number MLCS 2000/03761
-- PR9499.3
082 ## - DEWEY DECIMAL CLASSIFICATION NUMBER
Classification number 823.92
Author Mark NAI
100 1# - MAIN ENTRY--PERSONAL NAME
Personal name Nair, Anita.
245 14 - TITLE STATEMENT
Title The better man /
Statement of responsibility, etc. Anita Nair.
260 ## - PUBLICATION, DISTRIBUTION, ETC.
Place of publication, distribution, etc. New Delhi :
Name of publisher, distributor, etc. Penguin Books ;
Place of publication, distribution, etc. New York, NY :
Name of publisher, distributor, etc. Penguin Putnam Inc.,
Date of publication, distribution, etc. 1999.
300 ## - PHYSICAL DESCRIPTION
Extent 361 p. ;
Dimensions 21 cm.
500 ## - GENERAL NOTE
General note Novel.
906 ## - LOCAL DATA ELEMENT F, LDF (RLIN)
a 7
b cbc
c origode
d 4
e ncip
f 19
g y-gencatlg
942 ## - ADDED ENTRY ELEMENTS (KOHA)
Source of classification or shelving scheme
Koha item type Book
Holdings
Withdrawn status Lost status Source of classification or shelving scheme Damaged status Not for loan Collection code Permanent Location Current Location Shelving location Date acquired Total Checkouts Full call number Barcode Date last seen Date last checked out Copy number Price effective from Koha item type
            Central Library (CL) Central Library (CL) Fiction 03/13/2017 5 823.92 NAI CL138 12/27/2025 10/07/2025 1 03/13/2017 Book
© 2023 Central Library, National University of Sciences and Technology. All Rights Reserved.